000 01085nam0a22003011 4500
001 v19\rc\2002251
005 20251118181311.9
035 _a(NLR Aleph) 005077642
090 _a7162509
_c7162509
100 _a20080811e19151915|||y0rusy50 ca
101 0 _arus
102 _aRU
105 _ay z |||||
200 1 _aРелигиозные и нравственные воззрения аттических ораторов
_fЕвг. Г. Кагаров
210 _aПетроград
_cСенат. тип.
_d1915
215 _a29 с.
_d24
311 _aИзвлеч. из "Журн. М-ва нар. прос." за 1915 г.
320 _aБиблиогр. в примеч.
488 0 _12001#$aЖурнал Министерства народного просвещения$v1915
700 1 _aКагаров
_bЕ. Г.
_f1882-1942
_gЕвгений Георгиевич
801 0 _aRU
_bNLR
_gpsbo
801 0 _aRU
_bRuMoRGB
_2psbo
801 1 _aRU
_bProSoft-M
_2rusmarc
852 _aNLR
_jФ80/Б-8/2
899 _aБАН
899 _aНБ СПбГУ
942 _cBOOK
980 _aNB